| 000 | 00392nam a2200157Ia 4500 | ||
|---|---|---|---|
| 008 | 230312s9999||||xx |||||||||||||| ||und|| | ||
| 020 | _a06-9105-01 | ||
| 082 |
_a658.84 _bGOO |
||
| 100 | _aGoodman, Sam R | ||
| 245 | 0 | _aFinancial Analysis for Marketing Decisions | |
| 260 |
_bIRWIN _aUSA _c1972 |
||
| 300 | _a245 | ||
| 546 | _aEng. | ||
| 650 |
_aManagement _vMarketing and finance |
||
| 942 | _cBK | ||
| 999 |
_c265 _d265 |
||